000 00461nam a2200181Ia 4500
005 20250423100127.0
008 250422s9999 xx 000 0 und d
020 _a0-201-51502-4
050 _aQA 76.95 .W65/
100 _aStephen Wolfram
245 0 _aMathematica: a system for doing mathematics by computer
250 _a2nd
260 _bAddison Wesley
260 _c1991
300 _a961 p
650 _aMathematics- data processing
942 _cBK
999 _c32363
_d32363